00919nam a2200229Ia 4500003000900000008004100009020001800050040001600068080002300084111008300107245025900190260005000449300001400499490003900513650001100552650001600563650001700579650001400596700002200610700002300632710003400655IN-BaIIA211028s9999 xx 000 0 eng d a0-7354-0112-8 cIIA Library a524.834 (063)bPAR aTropical Workshop on Practicle Physics and Cosmologyn3rdcUSd2002 Aug. 19-23 0aParticle physics and cosmologybThird tropical workshop on practicle physics and cosmology - neutrinos, branes and cosmology held in San Juan, Puerto Rico, US, 19-23 Aug 2002cedited by J. F. Nieves and C. N. Leung  aMelvillebAmerican Institute of Physicsc2003 aix, 263p. aAIP conference proceedings; v. 655 aBranes aDark energy aLeptogenesis aNeutrinos aLeung, C. N., ed. aNieves, J. F., ed. aAmerican Institute of Physics